[Event "18.Città di Padova Open A"]
[Site "Padova"]
[Date "2015.12.19"]
[Round "8.13"]
[White "Naumkin, Igor"]
[Black "Pescatore, Lorenzo"]
[Result "1/2-1/2"]
[WhiteElo "2446"]
[BlackElo "2243"]
[Annotator "Gabriele Ballarin"]
[PlyCount "65"]
[EventDate "2015.12.13"]
[EventType "swiss"]
[EventRounds "9"]
[EventCountry "ITA"]

1. d4 d5 2. c4 c6 3. Nf3 Nf6 4. Nc3 e6 5. e3 Nbd7 6. Qc2 Bd6 7. Bd3 O-O 8. O-O dxc4 9. Bxc4 b5 10. Be2 Bb7 11. a3 Qb8 12. e4 e5 13. h3 a6 14. dxe5 Nxe5 15. Nd4 Ng6 16. Bg5 Be5 17. Nf3 Re8 18. Nxe5 Qxe5 19. Qd2 Nxe4 20. Nxe4 Qxe4 21. Bf3 Qf5 22. Bg4 Qd5 23. Qxd5 cxd5 24. Rac1 Ne5 25. Rc7 Nxg4 26. hxg4 Bc8 27. f3 Be6 28. Kf2 f6 29. Be3 Rac8 30. Rfc1 Rxc7 31. Rxc7 Rc8 32. Rxc8+ Bxc8 33. Bd4 {=} 1/2-1/2

[Event "18.Città di Padova Open A"]
[Site "Padova"]
[Date "2015.12.19"]
[Round "8.14"]
[White "Manca, Federico"]
[Black "Massironi, Marco"]
[Result "1-0"]
[WhiteElo "2409"]
[BlackElo "2242"]
[Annotator "Gabriele Ballarin"]
[PlyCount "53"]
[EventDate "2015.12.13"]
[EventType "swiss"]
[EventRounds "9"]
[EventCountry "ITA"]

1. e4 c5 2. d4 cxd4 3. c3 Qa5 4. Bd2 d3 5. Bxd3 d6 6. c4 Qb6 7. Nc3 Nf6 8. Nd5 Nxd5 9. cxd5 Na6 10. Bc3 Nc5 11. Bc2 a5 12. Ne2 Bd7 13. O-O Bb5 14. Re1 Qa6 15. Nd4 Bd3 16. Re3 Bxc2 17. Qxc2 Rc8 18. a4 g6 19. Nb5 f6 20. Bd4 b6 21. Bxc5 bxc5 22. f4 Qb6 23. Qc4 Bh6 24. Rf1 O-O 25. Rh3 Kg7 26. Kh1 g5 27. Qe2 1-0

[Event "18.Città di Padova Open A"]
[Site "Padova"]
[Date "2015.12.19"]
[Round "8.15"]
[White "Vezzosi, Paolo"]
[Black "Movileanu, Daniela"]
[Result "0-1"]
[WhiteElo "2369"]
[BlackElo "2195"]
[Annotator "Gabriele Ballarin"]
[PlyCount "96"]
[EventDate "2015.12.13"]
[EventType "swiss"]
[EventRounds "9"]
[EventCountry "ITA"]

1. c4 c5 2. Nc3 Nc6 3. g3 g6 4. Bg2 Bg7 5. Nf3 d6 6. O-O e5 7. a3 a5 8. d3 Nge7 9. Ne1 O-O 10. Nc2 Be6 11. Ne3 Rb8 12. Ned5 h6 13. Be3 f5 14. Qd2 Kh7 15. f4 Nd4 16. Rae1 Nxd5 17. Bxd5 Bxd5 18. Nxd5 a4 19. Qd1 Ra8 20. Bd2 Nc6 21. Bc3 Ne7 22. e4 Nxd5 23. cxd5 Qd7 24. fxe5 dxe5 25. Re2 b5 26. Bd2 Rf7 27. Be3 Rc8 28. Rc2 Bf8 29. Qe2 Bd6 30. Qg2 f4 31. gxf4 exf4 32. Rcf2 Rcf8 33. Bd2 Be5 34. Bc3 Qd6 35. Qf3 b4 36. axb4 cxb4 37. d4 bxc3 38. dxe5 Qxe5 39. bxc3 g5 40. Qd3 Re8 41. Re1 g4 42. c4 g3 43. Rf3 gxh2+ 44. Kxh2 Ref8 45. Qe2 Rb7 46. Qf1 Rb2+ 47. Kh1 a3 48. Rxa3 Rh2+ 0-1

[Event "18.Città di Padova Open A"]
[Site "Padova"]
[Date "2015.12.19"]
[Round "8.17"]
[White "Sorbera, Giovanni"]
[Black "Lodici, Lorenzo"]
[Result "0-1"]
[WhiteElo "2191"]
[BlackElo "2347"]
[Annotator "Gabriele Ballarin"]
[PlyCount "60"]
[EventDate "2015.12.13"]
[EventType "swiss"]
[EventRounds "9"]
[EventCountry "ITA"]

1. e4 d5 2. exd5 Nf6 3. Bb5+ Nbd7 4. Nc3 a6 5. Be2 g6 6. d4 Bg7 7. Bf3 Nb6 8. Bf4 O-O 9. Be5 Nc4 10. Qe2 Nxe5 11. Qxe5 b5 12. h4 Bb7 13. h5 Nxh5 14. Qg5 b4 15. Nce2 h6 16. Qd2 Nf6 17. Rxh6 Nxd5 18. Rh1 e6 19. Nh3 c5 20. Ng5 cxd4 21. Nxd4 Qf6 22. O-O-O Rfd8 23. Ne4 Qe7 24. g4 e5 25. Nf5 gxf5 26. gxf5 Nc3 27. f6 Rxd2 28. fxe7 Rxd1+ 29. Bxd1 Nxe4 30. Bf3 Re8 0-1

[Event "18.Città di Padova Open A"]
[Site "Padova"]
[Date "2015.12.19"]
[Round "8.18"]
[White "De Santis, Alessio"]
[Black "Santagati, Alessandro"]
[Result "1-0"]
[WhiteElo "2330"]
[BlackElo "2262"]
[Annotator "Gabriele Ballarin"]
[PlyCount "69"]
[EventDate "2015.12.13"]
[EventType "swiss"]
[EventRounds "9"]
[EventCountry "ITA"]

1. b3 d6 2. Bb2 Nd7 3. g3 e5 4. Bg2 f5 5. c4 Ngf6 6. Nc3 Be7 7. Qc2 Nf8 8. e3 Ng6 9. h4 c6 10. h5 Nf8 11. Nf3 Ne6 12. Nh4 f4 13. gxf4 exf4 14. Nf5 O-O 15. h6 g6 16. Nxe7+ Qxe7 17. Ne4 Nxe4 18. Bxe4 fxe3 19. dxe3 Ng5 20. Bg2 Bg4 21. Qc3 Kf7 22. f4 Ne6 23. O-O Ke8 24. Qd2 Rd8 25. Qf2 Kd7 26. Qg3 Bh5 27. e4 Kc7 28. e5 dxe5 29. Bxe5+ Kb6 30. b4 Nd4 31. c5+ Kb5 32. Qd3+ Ka4 33. Bxd4 Rxd4 34. Qxd4 Rd8 35. Qe5 1-0

[Event "18.Città di Padova Open A"]
[Site "Padova"]
[Date "2015.12.19"]
[Round "8.19"]
[White "Dragojlovic, Andjelko"]
[Black "Cocchi, Andrea"]
[Result "1/2-1/2"]
[WhiteElo "2309"]
[BlackElo "2251"]
[Annotator "Gabriele Ballarin"]
[PlyCount "92"]
[EventDate "2015.12.13"]
[EventType "swiss"]
[EventRounds "9"]
[EventCountry "ITA"]

1. e4 e6 2. d4 d5 3. Nc3 Nf6 4. Bg5 Bb4 5. e5 h6 6. Be3 Ne4 7. Nge2 c5 8. a3 Bxc3+ 9. bxc3 Qa5 10. f3 cxd4 11. Bxd4 Nc5 12. Qd2 Nc6 13. Nc1 b6 14. Nb3 Nxb3 15. cxb3 Ba6 16. b4 Qa4 17. Bxa6 Qxa6 18. Qe2 Qa4 19. O-O Rc8 20. Bf2 Ne7 21. Rfc1 Rc4 22. Qc2 Qc6 23. a4 O-O 24. a5 Rc8 25. axb6 axb6 26. Qd2 Qb5 27. f4 Nf5 28. g3 h5 29. h3 Re4 30. Re1 Qc6 31. Rxe4 dxe4 32. Be1 b5 33. Kh2 Qb6 34. Qe2 h4 35. gxh4 Qc6 36. Rd1 Ra8 37. h5 Kh7 38. Rc1 Ra3 39. Rc2 Ra1 40. Ra2 Rb1 41. h6 Kxh6 42. Rd2 e3 43. Rd8 g6 44. Rd1 Rb3 45. Qg2 Qc4 46. Rd4 Nxd4 1/2-1/2

[Event "18.Città di Padova Open A"]
[Site "Padova"]
[Date "2015.12.19"]
[Round "8.20"]
[White "Santolini, Luigi"]
[Black "Garcia Palermo, Carlos H"]
[Result "1/2-1/2"]
[WhiteElo "2156"]
[BlackElo "2457"]
[Annotator "Gabriele Ballarin"]
[PlyCount "110"]
[EventDate "2015.12.13"]
[EventType "swiss"]
[EventRounds "9"]
[EventCountry "ITA"]

1. d4 d6 2. Nf3 Bg4 3. g3 Bxf3 4. exf3 g6 5. Bg2 Bg7 6. O-O Nf6 7. c4 c6 8. d5 O-O 9. Nc3 Nbd7 10. f4 Qc7 11. Re1 Rfe8 12. Qf3 Rac8 13. Bd2 a6 14. Rac1 c5 15. b3 b5 16. cxb5 axb5 17. Nxb5 Qb7 18. Qd3 Nb6 19. Bc3 Qa6 20. Red1 Nbxd5 21. Bxd5 Nxd5 22. Qxd5 Qxb5 23. Bxg7 Kxg7 24. f5 Qe2 25. fxg6 hxg6 26. Rd2 Qe6 27. Qxe6 fxe6 28. h4 e5 29. Kg2 Ra8 30. Kf3 Ra3 31. Ke4 Rea8 32. Rcc2 Kf6 33. f3 Ke6 34. f4 Rb8 35. fxe5 Rb4+ 36. Rc4 Rxc4+ 37. bxc4 Rxg3 38. exd6 exd6 39. Kf4 Rc3 40. Kg5 Rxc4 41. Rh2 Rc1 42. Re2+ Kf7 43. Rf2+ Kg7 44. Rd2 Rg1+ 45. Kf4 Rf1+ 46. Kg4 Ra1 47. Kg5 Rg1+ 48. Kf4 Rf1+ 49. Kg4 c4 50. Rxd6 c3 51. Rc6 Rc1 52. Kg3 Kf7 53. a4 Ke7 54. a5 c2 55. Kg2 Ra1 1/2-1/2

[Event "18.Città di Padova Open A"]
[Site "Padova"]
[Date "2015.12.19"]
[Round "8.21"]
[White "Redo, Giorgio"]
[Black "Ljubisavljevic, Zivojin Z"]
[Result "1-0"]
[WhiteElo "2055"]
[BlackElo "2183"]
[Annotator "Gabriele Ballarin"]
[PlyCount "113"]
[EventDate "2015.12.13"]
[EventType "swiss"]
[EventRounds "9"]
[EventCountry "ITA"]

1. f4 d5 2. Nf3 g6 3. e3 Bg7 4. d4 Bf5 5. Bd3 e6 6. O-O Nf6 7. Qe2 O-O 8. Nbd2 Nbd7 9. c3 c5 10. b3 a5 11. Ba3 Qc7 12. Ne5 Bxd3 13. Qxd3 Rfc8 14. h3 cxd4 15. cxd4 Qc2 16. Rfc1 Qxd3 17. Nxd3 Ne4 18. Nxe4 dxe4 19. Rxc8+ Rxc8 20. Rc1 Rxc1+ 21. Nxc1 Nb6 22. Kf2 Nd5 23. Ke2 h6 24. Kd2 g5 25. fxg5 hxg5 26. Ne2 f5 27. Bd6 Bf8 28. Bxf8 Kxf8 29. g3 Ke7 30. a3 Nf6 31. Ke1 Nd5 32. Kd2 Nf6 33. Ke1 Kd6 34. Nc3 Nh5 35. Kf2 e5 36. g4 fxg4 37. Nxe4+ Kd5 38. hxg4 Ng7 39. Nc3+ Kd6 40. d5 Kc5 41. Kf3 e4+ 42. Nxe4+ Kxd5 43. Nc3+ Ke6 44. Ne4 b5 45. Nxg5+ Kd5 46. Ne4 Ne8 47. Nc3+ Kc5 48. Ne4+ Kd5 49. g5 Ke6 50. Kg4 Ng7 51. Ng3 Kd5 52. g6 Ke6 53. Kg5 Ne8 54. Ne4 Nc7 55. Kh6 Nd5 56. g7 Ne7 57. Kh7 1-0

[Event "18.Città di Padova Open A"]
[Site "Padova"]
[Date "2015.12.19"]
[Round "8.22"]
[White "Loiacono, Leonardo"]
[Black "Santeramo, Alessia Carmen"]
[Result "1/2-1/2"]
[WhiteElo "2052"]
[BlackElo "2133"]
[Annotator "Gabriele Ballarin"]
[PlyCount "49"]
[EventDate "2015.12.13"]
[EventType "swiss"]
[EventRounds "9"]
[EventCountry "ITA"]

1. e4 e5 2. Nf3 Nc6 3. Bb5 a6 4. Ba4 Nf6 5. O-O Be7 6. Re1 b5 7. Bb3 d6 8. c3 O-O 9. h3 Na5 10. Bc2 c5 11. d4 Nd7 12. d5 Nb6 13. Nbd2 f5 14. exf5 Bxf5 15. Ne4 h6 16. g4 Bd7 17. Ng3 c4 18. Nf5 Qe8 19. Kg2 Kh8 20. N3h4 Bxh4 21. Nxh4 Kg8 22. Nf5 Rf6 23. Be3 Na4 24. Rb1 Nb7 25. Qd2 {=} 1/2-1/2

[Event "18.Città di Padova Open A"]
[Site "Padova"]
[Date "2015.12.19"]
[Round "8.23"]
[White "Vatkali, Dimitra"]
[Black "Quaranta, Cristiano"]
[Result "1-0"]
[WhiteElo "1983"]
[BlackElo "2112"]
[Annotator "Gabriele Ballarin"]
[PlyCount "143"]
[EventDate "2015.12.13"]
[EventType "swiss"]
[EventRounds "9"]
[EventCountry "ITA"]

1. d4 Nf6 2. c4 c5 3. d5 b5 4. cxb5 a6 5. b6 d6 6. Nc3 Nbd7 7. e4 Rb8 8. Be2 g6 9. Nf3 Bg7 10. Nd2 O-O 11. O-O Rxb6 12. Nc4 Rb4 13. a3 Rb8 14. Qc2 Ne8 15. Bg5 Ne5 16. Ne3 h6 17. Bh4 g5 18. Bg3 Qb6 19. Bxe5 dxe5 20. Na4 Qg6 21. Nxc5 Nd6 22. Bd3 Nb5 23. Bxb5 Rxb5 24. b4 h5 25. Rab1 g4 26. a4 Rb8 27. Rfd1 h4 28. Nc4 g3 29. fxg3 hxg3 30. hxg3 Bg4 31. Re1 Rbd8 32. a5 Rxd5 33. Nb6 Rd4 34. Qc3 Bh6 35. Rb2 Rfd8 36. Nd5 Kf8 37. Nb7 Rc8 38. Nc5 Bg5 39. Rc2 Qh6 40. Ne3 Bxe3+ 41. Rxe3 Rxb4 42. Re1 Rd4 43. Qb3 Kg7 44. Rf2 Qh5 45. Ref1 Rf8 46. Qb7 Qg5 47. Qxa6 Rd6 48. Qc4 Qh5 49. a6 Rh6 50. Rf5 Qh2+ 51. Kf2 Bh3 52. Rg1 Bxf5 53. exf5 Qh5 54. Qe4 Rf6 55. g4 Qg5 56. Rf1 e6 57. Nd7 exf5 58. Qxe5 fxg4+ 59. Qxf6+ Qxf6+ 60. Nxf6 Kxf6 61. a7 Ra8 62. Ra1 Kg5 63. Kg3 f6 64. Ra4 f5 65. Ra5 Kf6 66. Kf4 Kg6 67. Ra6+ Kg7 68. Kxf5 g3 69. Kg4 Kh7 70. Kxg3 Kg7 71. Kf4 Kf7 72. Ke5 1-0

[Event "18.Città di Padova Open A"]
[Site "Padova"]
[Date "2015.12.19"]
[Round "8.24"]
[White "Parrella, Alfredo"]
[Black "Messina, Roberta"]
[Result "0-1"]
[WhiteElo "2097"]
[BlackElo "2039"]
[Annotator "Gabriele Ballarin"]
[PlyCount "74"]
[EventDate "2015.12.13"]
[EventType "swiss"]
[EventRounds "9"]
[EventCountry "ITA"]

1. c4 e6 2. g3 d5 3. Bg2 Nf6 4. Nf3 dxc4 5. Qa4+ Nbd7 6. Qxc4 a6 7. Qc2 c5 8. O-O b5 9. Ne5 Nd5 10. Nf3 Bb7 11. b3 Be7 12. Bb2 Bf6 13. Nc3 O-O 14. a3 Rc8 15. d3 N7b6 16. Rac1 Qe7 17. Ne4 Bxb2 18. Qxb2 c4 19. dxc4 bxc4 20. Nc3 Nxc3 21. Rxc3 Qf6 22. Qa1 Bd5 23. b4 Na4 24. Re3 c3 25. Ne5 Rfd8 26. Nd3 c2 27. Ne5 Bxg2 28. Kxg2 Rd5 29. f4 Qd8 30. Nd3 Qb6 31. Re5 Qc6 32. Rxd5 Qxd5+ 33. Kf2 Rc3 34. Rc1 Qd4+ 35. Ke1 Qe3 36. Kf1 h5 37. Ne1 Rxa3 0-1

[Event "18.Città di Padova Open A"]
[Site "Padova"]
[Date "2015.12.19"]
[Round "8.25"]
[White "Loiacono, Antonio"]
[Black "Lantini, Marco"]
[Result "1/2-1/2"]
[WhiteElo "2010"]
[BlackElo "2083"]
[Annotator "Gabriele Ballarin"]
[PlyCount "69"]
[EventDate "2015.12.13"]
[EventType "swiss"]
[EventRounds "9"]
[EventCountry "ITA"]

1. e4 e5 2. Nf3 Nc6 3. Bb5 a6 4. Bxc6 dxc6 5. d3 Qd6 6. Nbd2 Be6 7. Ng5 O-O-O 8. Nxe6 Qxe6 9. Qe2 Ne7 10. Nb3 Ng6 11. g3 Bb4+ 12. Bd2 Bxd2+ 13. Qxd2 Qd6 14. O-O-O Nf8 {=} 15. f4 Ne6 16. fxe5 Qxe5 17. Rhf1 Rd7 18. Qe3 Qg5 19. Qxg5 Nxg5 20. Nc5 Re7 21. h4 Ne6 22. Nxe6 fxe6 23. Rf3 e5 24. Rdf1 Rhe8 25. Kd2 Kd7 26. Ke3 c5 27. Rf8 Ke6 28. c3 b6 29. R1f5 Kd7 30. R5f7 Rxf7 31. Rxf7+ Re7 32. Rxe7+ Kxe7 33. d4 cxd4+ 34. cxd4 h5 35. d5 1/2-1/2

[Event "18.Città di Padova Open A"]
[Site "Padova"]
[Date "2015.12.19"]
[Round "8.26"]
[White "Bergamasco, Tommaso"]
[Black "Pozzobon, Davide"]
[Result "0-1"]
[WhiteElo "2054"]
[BlackElo "2037"]
[Annotator "Gabriele Ballarin"]
[PlyCount "134"]
[EventDate "2015.12.13"]
[EventType "swiss"]
[EventRounds "9"]
[EventCountry "ITA"]

1. d4 Nf6 2. Bg5 c5 3. Nc3 cxd4 4. Qxd4 Nc6 5. Qh4 b5 6. Bxf6 gxf6 7. Nd5 f5 8. c3 Rb8 9. Nf3 b4 10. cxb4 a5 11. a3 Bg7 12. e3 e6 13. Qxd8+ Kxd8 14. Nc3 axb4 15. axb4 Rxb4 16. O-O-O Ke7 17. Ne1 Na5 18. Kc2 d6 19. Nd3 Rb7 20. Nf4 Bd7 21. Ba6 Ra7 22. Bd3 Nc6 23. Ra1 Rb7 24. Rhb1 Rhb8 25. Be2 d5 26. Nd3 d4 27. Na4 Nb4+ 28. Kd1 Nxd3 29. Bxd3 dxe3 30. fxe3 Bxb2 31. Nxb2 Rxb2 32. Ke1 Bc6 33. g3 Be4 34. Bxe4 fxe4 35. Rxb2 Rxb2 36. Ra4 Rxh2 37. Rxe4 h5 38. Kf1 Kf6 39. Ra4 Kg5 40. Ra7 f6 41. Ra4 e5 42. Re4 Rb2 43. Kg1 Rb5 44. Kg2 f5 45. Ra4 Rb2+ 46. Kh3 Rb3 47. Ra8 Rxe3 48. Rg8+ Kh6 49. Kg2 Re2+ 50. Kg1 Re4 51. Kg2 h4 52. gxh4 Rxh4 53. Kf3 Rh3+ 54. Kg2 Re3 55. Kf2 f4 56. Rg1 e4 57. Rg4 Rf3+ 58. Ke2 Kh5 59. Rg8 Ra3 60. Rg7 Ra2+ 61. Ke1 f3 62. Re7 Re2+ 63. Kf1 Kg4 64. Rg7+ Kf4 65. Rf7+ Ke3 66. Re7 Rf2+ 67. Kg1 Rb2 0-1

[Event "18.Città di Padova Open A"]
[Site "Padova"]
[Date "2015.12.19"]
[Round "8.27"]
[White "Belloni, Umberto"]
[Black "Gregori, Giacomo"]
[Result "0-1"]
[WhiteElo "1827"]
[BlackElo "2113"]
[Annotator "Gabriele Ballarin"]
[PlyCount "68"]
[EventDate "2015.12.13"]
[EventType "swiss"]
[EventRounds "9"]
[EventCountry "ITA"]

1. d4 d6 2. c3 Nf6 3. Bg5 Nbd7 4. Nf3 g6 5. Bxf6 Nxf6 6. e3 Bg7 7. h3 O-O 8. Bc4 c6 9. a4 Qc7 10. Qb3 e5 11. dxe5 dxe5 12. Nbd2 Qe7 13. Rd1 e4 14. Nd4 Nd7 15. Be2 Nc5 16. Qc2 Re8 17. b4 Nd7 18. N2b3 a6 19. Rc1 c5 20. bxc5 Nxc5 21. Nxc5 Qxc5 22. Qb2 Bd7 23. a5 Qxa5 24. Qxb7 Bxd4 25. exd4 Qg5 26. O-O Bxh3 27. g3 Rab8 28. Qa7 Bxf1 29. Rxf1 e3 30. Kg2 Rb2 31. Bc4 Qf6 32. d5 Rxf2+ 33. Rxf2 Qxf2+ 34. Kh3 Qf5+ 0-1

[Event "18.Città di Padova Open A"]
[Site "Padova"]
[Date "2015.12.19"]
[Round "8.29"]
[White "Casciello, Dimitri"]
[Black "Gallo, Enrico"]
[Result "1/2-1/2"]
[WhiteElo "2040"]
[BlackElo "2044"]
[Annotator "Gabriele Ballarin"]
[PlyCount "109"]
[EventDate "2015.12.13"]
[EventType "swiss"]
[EventRounds "9"]
[EventCountry "ITA"]

1. e4 e6 2. d4 d5 3. Nc3 Bb4 4. e5 c5 5. a3 Bxc3+ 6. bxc3 Qc7 7. Nf3 Ne7 8. h4 Nbc6 9. h5 h6 10. Bd3 Bd7 11. O-O b6 12. Re1 Na5 13. a4 Nc4 14. Bxc4 dxc4 15. dxc5 O-O 16. Qd6 Nd5 17. Qxc7 Nxc7 18. Be3 Nd5 19. a5 b5 20. Bd4 Bc6 21. Nd2 Nf4 22. g4 f6 23. exf6 gxf6 24. Be3 Ng2 25. Bxh6 Nxe1 26. Bxf8 Nxc2 27. Rc1 Kxf8 28. Rxc2 Rd8 29. f3 Kg7 30. Kf2 Kh6 31. f4 Rd3 32. Ke2 Rg3 33. g5+ fxg5 34. fxg5+ Rxg5 35. Ke3 Rxc5 36. Nf3 Rxh5 37. Nd4 Bd7 38. Rf2 e5 39. Nc2 Bf5 40. Nb4 Rh3+ 41. Kd2 Kg5 42. Rg2+ Kf6 43. Rg8 e4 44. Rf8+ Kg5 45. Re8 Bg6 46. Re7 Rh7 47. Rxh7 Bxh7 48. Ke3 Kf6 49. Nc6 a6 50. Nb4 Ke6 51. Nxa6 Kd6 52. Nb4 Kc7 53. Kd4 Bg6 54. Nc2 Kb7 55. Nb4 1/2-1/2

[Event "18.Città di Padova Open A"]
[Site "Padova"]
[Date "2015.12.19"]
[Round "8.30"]
[White "Serefidou, Despina"]
[Black "Desideri, Alessandro"]
[Result "1/2-1/2"]
[WhiteElo "1978"]
[BlackElo "1904"]
[Annotator "Gabriele Ballarin"]
[PlyCount "50"]
[EventDate "2015.12.13"]
[EventType "swiss"]
[EventRounds "9"]
[EventCountry "ITA"]

1. e4 c5 2. Nf3 d6 3. d4 cxd4 4. Nxd4 Nf6 5. Nc3 a6 6. Be2 e5 7. Nb3 Be7 8. O-O b5 9. Qd3 Bb7 10. Bg5 Nbd7 11. a3 Rc8 12. f3 O-O 13. Rfd1 Qc7 14. a4 b4 15. Na2 d5 16. exd5 Bxd5 17. Rac1 Bc4 18. Qxc4 Qb6+ 19. Nc5 Bxc5+ 20. Kh1 a5 21. Qb5 Qc7 22. Bd3 h6 23. Bh4 Rfe8 24. Ra1 Qb6 25. Qxb6 Bxb6 1/2-1/2

[Event "18.Città di Padova Open A"]
[Site "Padova"]
[Date "2015.12.19"]
[Round "8.31"]
[White "Papathanasiou, Elisavet"]
[Black "Desideri, Leonardo"]
[Result "1/2-1/2"]
[WhiteElo "1955"]
[BlackElo "1770"]
[Annotator "Gabriele Ballarin"]
[PlyCount "117"]
[EventDate "2015.12.13"]
[EventType "swiss"]
[EventRounds "9"]
[EventCountry "ITA"]

1. d4 f5 2. g3 e6 3. Bg2 Nf6 4. Nd2 d5 5. b3 Bd6 6. Bb2 O-O 7. c4 c6 8. Ngf3 Bd7 9. Ne5 Be8 10. Rc1 Nbd7 11. Ndf3 Bb4+ 12. Bc3 Bxc3+ 13. Rxc3 Qa5 14. b4 Qxb4 15. Qb3 Qa5 16. O-O Ne4 17. Rc2 Nxe5 18. Nxe5 Rb8 19. Qd3 a6 20. f3 Nd6 21. c5 Nf7 22. Nxf7 Bxf7 23. Rb2 Bg6 24. Qe3 Rfe8 25. Qe5 b5 26. cxb6 Rxb6 27. Rxb6 Qxb6 28. Rc1 Bf7 29. e3 Qb2 30. Rxc6 Qxa2 31. Bf1 a5 32. Ra6 a4 33. Rb6 Qa3 34. Bb5 Qb4 35. Rb8 Rf8 36. Rxf8+ Kxf8 37. Qb8+ Ke7 38. Qc7+ Kf6 39. Qd8+ Kg6 40. Be8 Qe1+ 41. Kg2 Qb4 42. h4 Bxe8 43. Qxe8+ Kf6 44. Kh3 Qa3 45. h5 Qb4 46. g4 fxg4+ 47. fxg4 a3 48. g5+ Kxg5 49. Qxe6 Kxh5 50. Qxd5+ Kh6 51. Kg4 g6 52. Qg5+ Kg7 53. Qe5+ Kg8 54. Qe8+ Kg7 55. Qe5+ Kf7 56. Qd5+ Kf8 57. Qd8+ Kf7 58. Qd5+ Kg7 59. Qe5+ 1/2-1/2

[Event "18.Città di Padova Open A"]
[Site "Padova"]
[Date "2015.12.19"]
[Round "8.32"]
[White "Iasman, Inna"]
[Black "Papathanasiou, Ageliki"]
[Result "1-0"]
[WhiteElo "1843"]
[BlackElo "1778"]
[Annotator "Gabriele Ballarin"]
[PlyCount "67"]
[EventDate "2015.12.13"]
[EventType "swiss"]
[EventRounds "9"]
[EventCountry "ITA"]

1. d4 d5 2. c4 c6 3. Nc3 Nf6 4. Nf3 e6 5. e3 Nbd7 6. Bd3 dxc4 7. Bxc4 b5 8. Bd3 a6 9. e4 c5 10. e5 cxd4 11. Nxb5 axb5 12. exf6 gxf6 13. O-O Qb6 14. Qe2 Bb7 15. Bf4 Bd6 16. Bg3 Kf8 17. Bxb5 Ne5 18. Nxe5 Bxe5 19. Bd3 Ra5 20. f4 Bd6 21. Rfd1 h5 22. Be1 Rc5 23. b4 Rc8 24. a4 Rg8 25. Be4 h4 26. h3 Bxe4 27. Qxe4 Bxb4 28. Rab1 Rc4 29. Bxh4 Qd6 30. Bxf6 d3 31. Qxd3 Qc6 32. Qd8+ Qe8 33. Qxe8+ Kxe8 34. Rd8# 1-0

[Event "18.Città di Padova Open A"]
[Site "Padova"]
[Date "2015.12.19"]
[Round "8.33"]
[White "Di Chiara, Mauro"]
[Black "Roberti, Ignazio"]
[Result "1-0"]
[WhiteElo "1933"]
[BlackElo "1890"]
[Annotator "Gabriele Ballarin"]
[PlyCount "85"]
[EventDate "2015.12.13"]
[EventType "swiss"]
[EventRounds "9"]
[EventCountry "ITA"]

1. Nf3 Nf6 2. d4 e6 3. c4 b6 4. g3 Ba6 5. b3 Bb4+ 6. Bd2 Nc6 7. Bxb4 Nxb4 8. a3 Nc6 9. Nc3 Ne7 10. Bg2 Bb7 11. O-O d6 12. Qc2 O-O 13. e4 Ng6 14. Rad1 Qc8 15. Bh3 h5 16. d5 Ng4 17. Qd2 Qd8 18. Ng5 e5 19. f4 exf4 20. gxf4 Qe7 21. Rde1 Rae8 22. Nb5 a5 23. Nd4 Bc8 24. Nf5 Qf6 25. Ng3 h4 26. Nh5 Qd8 27. Qd4 f6 28. Ne6 Bxe6 29. dxe6 Nh6 30. Kh1 Re7 31. Rg1 Kh7 32. Bf5 Nxf5 33. exf5 Qa8+ 34. Qd5 Nh8 35. Rg4 h3 36. Reg1 Qxd5+ 37. cxd5 b5 38. Rh4 Kg8 39. Rxh3 b4 40. a4 c6 41. Rhg3 Kh7 42. dxc6 Rc8 43. Nxf6+ 1-0

[Event "18.Città di Padova Open A"]
[Site "Padova"]
[Date "2015.12.20"]
[Round "9.1"]
[White "Danin, Alexandre"]
[Black "Zhigalko, Andrey"]
[Result "1/2-1/2"]
[WhiteElo "2569"]
[BlackElo "2585"]
[Annotator "Gabriele Ballarin"]
[PlyCount "26"]
[EventDate "2015.12.13"]
[EventType "swiss"]
[EventRounds "9"]
[EventCountry "ITA"]
[SourceTitle "The Week in Chess 1102"]
[Source "Mark Crowther"]
[SourceDate "2015.12.21"]
[SourceVersion "1"]
[SourceVersionDate "2015.12.21"]
[SourceQuality "2"]

1. d4 Nf6 2. c4 c5 3. Nf3 cxd4 4. Nxd4 e6 5. Nc3 Bb4 6. g3 O-O 7. Bg2 d5 8. cxd5 Nxd5 9. Qb3 Bc5 10. Bxd5 exd5 11. Be3 Bxd4 12. Bxd4 Nc6 13. Rd1 Bh3 1/2-1/2

[Event "18.Città di Padova Open A"]
[Site "Padova"]
[Date "2015.12.20"]
[Round "9.2"]
[White "Enchev, Ivajlo"]
[Black "David, Alberto"]
[Result "1/2-1/2"]
[WhiteElo "2452"]
[BlackElo "2585"]
[Annotator "Gabriele Ballarin"]
[PlyCount "20"]
[EventDate "2015.12.13"]
[EventType "swiss"]
[EventRounds "9"]
[EventCountry "ITA"]
[SourceTitle "The Week in Chess 1102"]
[Source "Mark Crowther"]
[SourceDate "2015.12.21"]
[SourceVersion "1"]
[SourceVersionDate "2015.12.21"]
[SourceQuality "2"]

1. d4 Nf6 2. c4 e6 3. Nf3 d5 4. Nc3 Be7 5. Bg5 h6 6. Bh4 O-O 7. e3 b6 8. cxd5 Nxd5 9. Bxe7 Qxe7 10. Rc1 Nxc3 1/2-1/2

[Event "18.Città di Padova Open A"]
[Site "Padova"]
[Date "2015.12.20"]
[Round "9.3"]
[White "Nikolov, Momchil"]
[Black "Vovk, Yuri"]
[Result "1/2-1/2"]
[WhiteElo "2548"]
[BlackElo "2626"]
[Annotator "Gabriele Ballarin"]
[PlyCount "118"]
[EventDate "2015.12.13"]
[EventType "swiss"]
[EventRounds "9"]
[EventCountry "ITA"]
[SourceTitle "The Week in Chess 1102"]
[Source "Mark Crowther"]
[SourceDate "2015.12.21"]
[SourceVersion "1"]
[SourceVersionDate "2015.12.21"]
[SourceQuality "2"]

1. Nf3 Nf6 2. c4 b6 3. d4 e6 4. g3 Bb7 5. Bg2 Be7 6. O-O O-O 7. Re1 Na6 8. Ne5 Bxg2 9. Kxg2 Qc8 10. Nc3 Bb4 11. Bd2 Qb7+ 12. Kg1 d6 13. Nd3 c5 14. Nxb4 Nxb4 15. Nb5 Rfd8 16. Bg5 Qe4 17. f3 Qg6 18. Bxf6 Qxf6 19. a3 Nc6 20. d5 Na5 21. Qd3 a6 22. Nc7 Rac8 23. b4 Nxc4 24. Qxc4 Rxc7 25. dxe6 Qxe6 26. Qxa6 Qe3+ 27. Kf1 c4 28. Red1 h5 29. Qb5 Re8 30. Ra2 Re5 31. Rd5 c3 32. Rc2 h4 33. Qd3 hxg3 34. hxg3 Qg5 35. Rxd6 Re8 36. Kf2 Qh5 37. Kg2 g6 38. Rd8 Qe5 39. Qd6 Qxd6 40. Rxd6 Ra8 41. Rxb6 Rxa3 42. b5 Rc5 43. Rc6 Rxb5 44. R6xc3 Rxc3 45. Rxc3 Kg7 46. Rc6 g5 47. Rd6 f6 48. Kh3 Kg6 49. e4 Ra5 50. Kg4 Ra4 51. Re6 Rb4 52. Rd6 Ra4 53. Kh3 Ra3 54. Kg2 Ra2+ 55. Kf1 Kf7 56. Rd5 g4 57. fxg4 Ra4 58. Rf5 Rxe4 59. g5 Rg4 1/2-1/2

[Event "18.Città di Padova Open A"]
[Site "Padova"]
[Date "2015.12.20"]
[Round "9.5"]
[White "Zaja, Ivan"]
[Black "Kovacevic, Blazimir"]
[Result "1/2-1/2"]
[WhiteElo "2481"]
[BlackElo "2480"]
[Annotator "Gabriele Ballarin"]
[PlyCount "33"]
[EventDate "2015.12.13"]
[EventType "swiss"]
[EventRounds "9"]
[EventCountry "ITA"]
[SourceTitle "The Week in Chess 1102"]
[Source "Mark Crowther"]
[SourceDate "2015.12.21"]
[SourceVersion "1"]
[SourceVersionDate "2015.12.21"]
[SourceQuality "2"]

1. d4 d5 2. c4 e6 3. Nc3 Nf6 4. cxd5 exd5 5. Bg5 Be7 6. e3 O-O 7. Bd3 Nbd7 8. Nge2 Re8 9. Qc2 c6 10. O-O Nf8 11. f3 Be6 12. Bh4 Ng6 13. Bf2 Rc8 14. Rad1 a6 15. Kh1 c5 16. dxc5 Bxc5 17. Nd4 1/2-1/2